000 01034nam a2200325 i 4500
001 000004815
003 DO-SdBNP
005 20260225125955.0
007 ta
008 090727s1983 dr ac r 000 0 spa d
040 _aDO-SdBNP
_bspa
_cBNPHU
_erda
041 _aspa
082 4 _a302
_bA473r
_222
100 1 _aAlvarez de Cabreja, Zenovia,
_c1939-
_eautor
_4aut.
_913978
245 1 0 _aRelaciones sociales y normas de comportamiento /
_cZenovia Alvarez de Cabreja.
264 1 _aSanto Domingo :
_bNivar,
_c1983.
300 _a245 páginas :
_bilustraciones, retratos ;
_c22 cm.
336 _atexto
_btxt
_2rdacontent
337 _asin mediación
_bn
_2rdamedia
338 _avolumen
_bnc
_2rdacarrier
500 _aIncluye índice
500 _aIncluye datos biográficos del autor en la contracubierta
590 _aInventariado, 2023 / DG
650 4 _aRelaciones sociales
_913979
650 7 _aConducta de vida
_2LIBRUNAM
_911947
650 4 _aCortesía
_9401
650 4 _aEtiqueta
_9402
910 _aDG
942 _2ddc
_cLBS1
999 _c4621
_d4621